000 00607 a2200169 4500
003 NUST
038 _aM Shaban
040 _aDLC
082 _aBIT-3
100 _aRizwan Ahmed Sumra.
_992104
245 _aSupervisory control and data acquistion : environment development
_cRizwan Ahmed Sumra.
260 _aIslamabad :
_bNUST School of Electrical Engineering & Computer Science,
_c2005.
300 _axiii, 94 p. :
_bill. ;
_c27 cm. +
_eCD-ROM.
500 _aSupervisors : Dr. Waqar Mahmood, Mr. Muhammad Atif.
856 _u http://10.250.8.41:8080/xmlui/handle/123456789/5853
942 _cPR
_kBIT-3 RIZ
_2ddc
999 _c9056
_d9056